Statistics for 12 famous women #2

Click here to take the quiz!

General Stats

  • This quiz has been taken 92 times
    (61 since last reset)
  • The average score is 7 of 12

Answer Stats

HintAnswer% Correct
Famous Egyptian queen who married a Roman emperorCleopatra
92%
The queen of England who watched Shakespeare's plays and had black teethQueen Elizabeth
92%
Jew who wrote a famous diary during World War TwoAnne Frank
90%
The first female in the BibleEve
90%
Woman who overcame blindness and deafness to even write booksHelen Keller
72%
American Indian who famously saved John Smith's lifePocahontas
62%
Made the talk show People are TalkingOprah Winfrey
46%
Wrote "Uncle Tom's Cabin"Harriet Beecher Stowe
42%
Painter famous for humonguos drawings of flowersGeorgia O'Keefe
40%
First American woman in spaceSally Ride
30%
Nurse who founded American Red CrossClara Barton
28%
Chairperson on the National League for Democracy in BurmaAung San Suu Kyi
18%

Score Distribution

Percentile by Number Answered

Percent of People with Each Score

Your Score History

You have not taken this quiz since the last reset